Number 1 hits of 2022 - Statistics

General Stats
  • This quiz has been taken 60 times
  • The average score is 7 of 12
Answer Stats
Singer Song % Correct
Harry Styles As It Was
95%
Sam Smith Ft. Kim Petras Unholy
81%
Glass Animals Heat Waves
79%
Encanto Cast We Don't Talk About Bruno
76%
Taylor Swift Anti-Hero
72%
Lizzo About D*** Time
67%
Jack Harlow First Class
59%
Steve Lacy Bad Habit
57%
Beyonce Break My Soul
55%
Nicki Minaj Super Freaky Girl
43%
Drake Ft. 21 Savage Jimmy Cooks
26%
Future Ft. Drake & Tems Wait for U
21%
No matching quizzes found
Score Distribution
Percent of People with Each Score
Percentile by Number Answered
Your Score History
You have not taken this quiz